000 00279nam a22001217a 4500
008 180123b xxu||||| |||| 00| 0 eng d
041 _aeng
080 _a82
100 _a21
101 _aGJU
245 _aBIBLIOGRAPHY OF COMPARARTIVE LITERATURE
_cRUSSEL,R
942 _2udc
_cBK
999 _c40795
_d40795